| 000 | 00665nam a2200181Ia 4500 | ||
|---|---|---|---|
| 003 | GCL | ||
| 008 | 140319s9999 xx 000 0 ara d | ||
| 040 |
_aGCL / _cGCL |
||
| 082 | 0 | 4 |
_a070.43 _bع س |
| 100 | 1 | _aعبدالفتاح عبدالنبى | |
| 245 | 1 | 0 |
_aسوسيولوجيا الخبر الصحفى: دراسة فى انتقاء ونشر الاخبار / _cعبدالفتاح عبدالنبى |
| 260 |
_aالقاهرة : _bالعربى للنشر والتوزيع ، _c1989 |
||
| 300 |
_a238 ص ؛ _c25سم |
||
| 490 |
_aدراسات فى الاعلام _v0 |
||
| 650 | 0 | 4 | _aالحكومة |
| 650 | 0 | 4 | _aالحكومة والصحافة |
| 942 |
_2ddc _cBK |
||
| 999 |
_c53765 _d53765 |
||